Špičková technológia pritiahla Nemcov do Slovenskej Ľupče

Spoločný podnik Fermas, s.r.o. Slovenská Ľupča na výrobu aminokyselím založili a.s. Biotika Slovenská Ľupča a nemecká firma Degussa Group Frankfurt am Main. Kapitálové vklady, záujem o produkciu v zahraničí. Nároky na pracovníkov, mzdy.

Gespeichert in:
Bibliographische Detailangaben
1. Verfasser: Hajko, J.
Format: Buchkapitel
Sprache:Slowakisch
Schlagworte:
Tags: Tag hinzufügen
Keine Tags, Fügen Sie das erste Tag hinzu!

MARC

LEADER 00000naa a2200000 4500
001 r015211
005 20221205091349.9
041 0 |a slo 
044 |a SK 
245 1 0 |a Špičková technológia pritiahla Nemcov do Slovenskej Ľupče  |c J. Hajko 
520 |a Spoločný podnik Fermas, s.r.o. Slovenská Ľupča na výrobu aminokyselím založili a.s. Biotika Slovenská Ľupča a nemecká firma Degussa Group Frankfurt am Main. Kapitálové vklady, záujem o produkciu v zahraničí. Nároky na pracovníkov, mzdy. 
610 2 0 |a podnik spoločný 
610 2 0 |a Biotika, a.s. Slovenská Ľupča 
610 2 0 |a Degussa 
610 2 0 |a Fermas, s.r.o. Slovenská Ľupča 
610 2 0 |a investície zo zahraničia 
610 2 0 |a Slovensko 
610 2 0 |a priemysel farmaceutický 
100 1 |a Hajko, J.